00653cam a22002291 4500001001300000003000400013005001700017008004100034010001700075035002000092040003700112041001300149042001200162050002000174100001700194245006000211260004500271300001900316440003300335500004000368999001500408af 48004652 DLC20260227110909.0890530s1944 be 000 1 dut c aaf 48004652  a(OCoLC)19786048 aCalifornia. Univ. Libr.cCUdDLC1 aduthger apremarc00aPT2642.I59bH431 aTimpe, Paul.13aDe molenaar's dochter,broman,cdoor Paul Hain [pseud.] aAntwerpen,bUitgeverij Westernisc[1944] a158 p.c17 cm. 3aDe Briljant uitgave,vnr. 18 aTranslation of Die Herrgottmühle. c6157d6157